Normal view
MARC view
- Heartburn
Entry Topical Term
001 - CONTROL NUMBER
- control field: 16242
003 - CONTROL NUMBER IDENTIFIER
- control field: OSt
005 - DATE AND TIME OF LATEST TRANSACTION
- control field: 20170405155040.0
008 - FIXED-LENGTH DATA ELEMENTS
- fixed length control field: 170405|| aca||aabn | a|a d
040 ## - CATALOGING SOURCE
- Original cataloging agency: OSt
- Transcribing agency: OSt
150 ## - HEADING--TOPICAL TERM
- Topical term or geographic name entry element: Heartburn
- Form subdivision: Bibliography.
670 ## - SOURCE DATA FOUND
- Source citation: Work cat.: (OSt)0: Wright, Jonathan V. 16235, Your stomach :, c2009.